| 000 | 01351nam a2200325 i 4500 | ||
|---|---|---|---|
| 001 | 196795 | ||
| 003 | ES-MaACL | ||
| 005 | 20250817062604.0 | ||
| 008 | 241129b2024 sp ||||| |||| 00| 0 spa d | ||
| 017 |
_aM 13643-2024 _bOficina Depósito Legal Madrid |
||
| 020 | _a9788470756900 | ||
| 040 |
_bspa _cES-MaACL |
||
| 245 | 1 |
_aAntonio Lorenzo : _bretrato de un pintor con ideas / _cAlfonso de la Torre, Manuel Fontán del Junco y Celia Quintas (editores) |
|
| 260 |
_aMadrid : _bFundación Juan March, _c2024. |
||
| 300 |
_a202 páginas ; _c25 cm |
||
| 336 |
_2rdacontent _atexto |
||
| 337 |
_2rdamedia _asin mediación |
||
| 338 |
_2rdacarrier _avolumen |
||
| 500 | _aExposición del 24 de octubre de 2024 al 26 de enero de 2025 en el Museo de Arte Abstracto Español. | ||
| 600 | 1 | 4 |
_974141 _aLorenzo, Antonio, _d1922- |
| 655 | 7 |
_2tgfbne _9193628 _aCatálogos de exposiciones |
|
| 710 | 2 |
_9142639 _aMuseo de Arte Abstracto Español (Cuenca) |
|
| 710 | 2 |
_aFundación Juan March _94346 |
|
| 852 |
_aES-MaACL _cDEPOJ _jN-10206 _xEncuadernación rústica con solapas _9206333 _hDonación: Editorial |
||
| 914 |
_aFundación Juan March _94346 |
||
| 942 |
_cMONOGRAFIA _n0 |
||
| 999 |
_c196795 _d196795 |
||